000 00415cam a22001812a 4500
001 021298
003 AR-FADEU
008 311216n1946####xxu####################dd
092 _aU863.4
_bA524
100 _aAmorim, Enrique
245 _aNueve lunas sobre Neuquén
260 _aBuenos Aires
260 _bLautaro
260 _c1946
300 _a238 p
650 _aNOVELA-URUGUAY-SIGLO XX
942 _cBDGR
999 _c27016
_d27016